Porpora Lo straordinario viaggio in Italia di Adolf Harnack ed Oscar Gebhardt
Uloženo v:
| Hlavní autor: | |
|---|---|
| Další autoři: | |
| Médium: | Kniha |
| Jazyk: | angličtina |
| Vydáno: |
Roma
Edizioni Efesto
2024
|
| Tagy: |
Žádné tagy, Buďte první, kdo vytvoří štítek k tomuto záznamu!
|
MARC
| LEADER | 00000nam a2200000 4500 | ||
|---|---|---|---|
| 003 | Arcigay Viterbo | ||
| 005 | 20251202184633.0 | ||
| 008 | 251202b |||||||| |||| 00| 0 eng d | ||
| 020 | |a 8833815668 | ||
| 040 | |c Arcigay Viterbo | ||
| 100 | |a Gigli, Fausto | ||
| 245 | |a Porpora |b Lo straordinario viaggio in Italia di Adolf Harnack ed Oscar Gebhardt |c Cesare Gigli, Fausto Tarsitano | ||
| 260 | |a Roma |b Edizioni Efesto |c 2024 | ||
| 700 | |a Tarsitano, Fausto | ||
| 942 | |2 ddc |c BK |n 0 | ||
| 952 | |0 0 |1 0 |2 ddc |4 0 |6 853_900000000000000_GIG_POR |7 0 |9 10021 |a VT |b VT |d 2025-12-02 |e Dono della Biblioteca Consorziale di Viterbo |i B341 |l 0 |o 853.9 GIG POR |p B341 |r 2025-12-02 18:49:32 |w 2025-12-02 |y BK |z Dono della Biblioteca Consorziale di Viterbo | ||
| 999 | |c 8358 |d 8358 | ||